Revisions 1 : 350 exercices, niveau dedutant
Αποθηκεύτηκε σε:
| Κύριος συγγραφέας: | |
|---|---|
| Άλλοι συγγραφείς: | |
| Μορφή: | Βιβλίο |
| Γλώσσα: | French |
| Δημοσίευση: |
Paris :
Hachette,
c1992
|
| Σειρά: | Exercons-nous
|
| Θέματα: | |
| Ετικέτες: |
Προσθήκη ετικέτας
Δεν υπάρχουν, Καταχωρήστε ετικέτα πρώτοι!
|
MARC
| LEADER | 00000nam a2200000 i 4500 | ||
|---|---|---|---|
| 001 | 1/10862 | ||
| 008 | 000906s1992 fre d | ||
| 020 | |a 2-01-016828-3 | ||
| 035 | |l 10063612 | ||
| 040 | |a GR-MY-UA |b gre |e aacr | ||
| 041 | 0 | |a fre | |
| 082 | 0 | |a 448.0076 | |
| 100 | 1 | |a Steele, Ross. | |
| 245 | 1 | 0 | |a Revisions 1 : |b 350 exercices, niveau dedutant / |c Ross Steel, Jene Zemiro |
| 260 | |a Paris : |b Hachette, |c c1992 | ||
| 300 | |a 171 p.; |b ill.; |c 25 cm | ||
| 490 | 1 | |a Exercons-nous | |
| 650 | 0 | 0 | |a French language |x Grammar |x Problems, exercises, etc. |
| 650 | 0 | 0 | |a French language |x Spoken French |x Problems, exercises, etc. |
| 650 | 0 | 0 | |a French language |x Verb |x Problems, exercises, etc. |
| 700 | 1 | |a Zemiro, Jane. | |
| 830 | 0 | |a Exercons-nous | |
| 852 | |a INST |b RHODES |e 20000906 |h 448.0076 STE |p 005400010061 |q 005400010061 |t BK |y 0 | ||
| 909 | |a Ρ |b 026182 | ||
| 922 | |a 4ΕΛΗ |b 199302 | ||
| 970 | |z 2000/09/ΣΟΦΙΑ | ||